IGCSE: English as a second language
Shranjeno v:
| Main Authors: | , , |
|---|---|
| Format: | Knjiga |
| Jezik: | angleščina |
| Izdano: |
Cambridge
Cambridge University
2001
|
| Serija: | Cambridge International Examinations
|
| Teme: | |
| Oznake: |
Označite
Brez oznak, prvi označite!
|
MARC
| LEADER | 00000nam a2200000 a 4500 | ||
|---|---|---|---|
| 001 | UCL1992 | ||
| 003 | CL-VaPUC | ||
| 008 | 030926e20010000uk |||||||||||||||||eng|d | ||
| 020 | |a 0521000513 | ||
| 082 | 0 | 4 | |a 428.07 |b LUC |2 21 |
| 100 | |a Lucantoni, Peter |e autor |9 479022 | ||
| 700 | 0 | |a Cox, Marian |e author |9 479023 | |
| 700 | |a Glover, Bob |e author |9 552245 | ||
| 245 | 1 | 0 | |a IGCSE: English as a second language |
| 300 | |a 184 p | ||
| 942 | |c BK | ||
| 945 | |d 20030926 00:00:00 |a cmena | ||
| 260 | |a Cambridge |b Cambridge University |c 2001 | ||
| 650 | 0 | |a Enseñanza del inglés |9 367340 | |
| 650 | 0 | |a Educación lingüística |9 306506 | |
| 650 | 0 | |a Métodos de enseñanza |9 270413 | |
| 583 | |a last modification |c 20130806 04:21:00 |k Rodrigo Vera | ||
| 490 | 0 | |a Cambridge International Examinations | |
| 999 | |c 305416 |d 305414 | ||
| 952 | |0 0 |1 0 |4 0 |6 428_070000000000000_LUC_2001 |7 0 |8 A |9 369283 |a BIBEDU |b BIBEDU |d 2019-11-21 |i 3947858 |o 428.07 LUC 2001 |p 3947858 |r 2019-11-21 |w 2019-11-21 |y BK |k LIT | ||